| 000 | 00544nam a2200169 4500 | ||
|---|---|---|---|
| 001 | 126440 | ||
| 003 | ES-MaACL | ||
| 005 | 20230906192824.0 | ||
| 007 | t| | ||
| 008 | 070214s1949 pe r ||||1| spa d | ||
| 245 | 0 | 3 |
_aLa Renta Nacional del Perú _b: 1942-1947. |
| 260 |
_aPerú? : _b[s. n.], _c1949 ( _fImp. Casa Nacional de Moneda) |
||
| 300 |
_a143 p. : _bil. ; _c28 cm. |
||
| 500 | _aPrecede al tít.: Banco Central de Reserva del Perú. | ||
| 710 | 2 |
_aBanco Central de Reserva del Perú. _92093 |
|
| 852 |
_aES-MaACL _j1722-F-3 _bR.29093 |
||
| 999 |
_c126440 _d126440 |
||